Náklady obchodných podnikov ako jeden z činiteľov efektívnosti obchodu dizertačná práca
Saved in:
| Main Author: | |
|---|---|
| Corporate Author: | |
| Other Authors: | |
| Format: | Book |
| Language: | Slovak |
| Published: |
Bratislava
2005
|
| Subjects: | |
| Tags: |
No Tags, Be the first to tag this record!
|
MARC
| LEADER | 00000nam$a2200000$$$4500 | ||
|---|---|---|---|
| 001 | 0100022 | ||
| 005 | 20240104134358.4 | ||
| 041 | 0 | |a slo | |
| 044 | |a SK | ||
| 245 | 1 | 0 | |a Náklady obchodných podnikov ako jeden z činiteľov efektívnosti obchodu |b dizertačná práca |c Alena Holubcová ; škol. Helena Strážovská |
| 264 | 1 | |a Bratislava |c 2005 | |
| 300 | |a 156 s. | ||
| 610 | 2 | 0 | |a náklady |
| 610 | 2 | 0 | |a kalkulácia nákladov |
| 610 | 2 | 0 | |a podnik obchodný |
| 100 | 1 | |a Holubcová, Alena | |
| 700 | 1 | |a Strážovská, Helena | |
| 710 | 2 | |a Ekonomická univerzita v Bratislave. Obchodná fakulta | |